Les finances et la politique (Record no. 184840)

MARC details
000 -LEADER
campo de control de longitud fija 00630nam a2200169 i 4500
001 - NÚMERO DE CONTROL
campo de control 184840
003 - IDENTIFICADOR DE NÚMERO DE CONTROL
campo de control ES-MaACL
005 - FECHA Y HORA DE LA ÚLTIMA TRANSACCIÓN
campo de control 20251005063138.0
008 - DATOS DE LONGITUD FIJA--INFORMACIÓN GENERAL
campo de control de longitud fija 160204s1863 fr |||| | fre d
100 1# - ENTRADA PRINCIPAL--NOMBRE DE PERSONA
Nombre de persona Casimir-Périer, Auguste,
Fechas asociadas al nombre 1811-1876
9 (RLIN) 158669
245 14 - MENCIÓN DEL TÍTULO
Título Les finances et la politique
Resto del título : de l'influence des institutions politiques et de la législation financière sur la fortune publique /
Mención de responsabilidad, etc. Casimir Perier.
260 ## - PUBLICACIÓN, DISTRIBUCIÓN, ETC.
Lugar de publicación, distribución, etc. Paris :
Nombre del editor, distribuidor, etc. M. Lévy,
Fecha de publicación, distribución, etc. 1863.
300 ## - DESCRIPCIÓN FÍSICA
Extensión VII-359 p. ;
Dimensiones 22 cm.
651 #7 - PUNTO DE ACCESO ADICIONAL DE MATERIA--NOMBRE GEOGRÁFICO
Nombre geográfico Francia-
Subdivisión general Política y gobierno-
Subdivisión cronológica S.XIX
Fuente del encabezamiento o término
9 (RLIN) 141165
852 ## - LOCALIZACIÓN
Ubicación ES-MaACL
Número de control de estantería G-8171
Holdings
Estatus retirado Estado de pérdida Estado de daño No para préstamo Colección Biblioteca de origen Biblioteca actual Ubicación en estantería Fecha de adquisición Fuente de adquisición Total de préstamos Signatura topográfica completa Código de barras Visto por última vez Precio de reemplazo Tipo de ítem Koha
        Libros del s. XIX Biblioteca del Ateneo de Madrid Biblioteca del Ateneo de Madrid Sala Pecera Planta 3 04/02/2016     G-8171 1194668 23/02/2023 23/02/2023 Libro impreso antiguo